MARC

LEADER 00000nam0a2200000 4500
001 292604
005 20231102000519.0
035 |a (RuTPU)RU\TPU\book\317240 
090 |a 292604 
100 |a 20150423d1983 km y0rusy5003 ca 
101 0 |a rus 
102 |a RU 
105 |a a g 001zy 
200 1 |a Справочник слесаря-монтажника  |f В. Н. Яковлев 
205 |a 4-е изд., перераб., доп. 
210 |a Москва  |c Машиностроение  |d 1983 
215 |a 464 с.  |c ил.  |d 20 см 
225 1 |a Серия справочников для рабочих 
320 |a Перечень ГОСТов: с. 458 
320 |a Предметный указатель: с. 459-464 
606 1 |a Слесарно-сборочные работы  |2 stltpush  |3 (RuTPU)RU\TPU\subj\55157  |9 73217 
610 1 |a слесарно-монтажные работы 
610 1 |a материалы 
610 1 |a свойства 
610 1 |a улучшение 
610 1 |a сталь 
610 1 |a термическая обработка 
610 1 |a химико-термическая обработка 
610 1 |a средства измерений 
610 1 |a средства контроля 
610 1 |a резание 
610 1 |a инструменты 
610 1 |a приспособления 
610 1 |a механизированный ручной инструмент 
610 1 |a трубы 
610 1 |a станки 
610 1 |a слесарные работы 
610 1 |a такелаж 
610 1 |a такелажные работы 
610 1 |a монтаж 
610 1 |a подъемно-транспортное оборудование 
610 1 |a справочники 
675 |a 621.757(035)  |z rus  |v 4 
700 1 |a Яковлев  |b В. Н.  |g Василий Николаевич  |4 070 
801 0 |a RU  |b RuMRKP  |c 19950704  |g psbo 
801 1 |a RU  |b 63413507  |c 20150423 
801 2 |a RU  |b 63413507  |c 20181228  |g RCR 
942 |c BK